Goleadores de cada club (Primera Division Argentina) - Estadísticas

Estadísticas generales
  • Esta prueba ha sido intentada 75 veces
    30 desde el último reinicio
  • La puntuación promedio es 5 de 30
Estadísticas de respuestas
Equipos Goleadores Goles % Correcto
Boca Juniors Martín Palermo 236
88%
River Plate Ángel Labruna 317
54%
Lanús José Sand 173
54%
Rosario Central Marco Ruben 106
46%
Independiente Arsenio Erico 295
42%
Independiente Rivadavia Roberto López 120
42%
San Lorenzo José Sanfilippo 204
35%
Vélez Sarsfield Carlos Bianchi 206
27%
Belgrano Luis Artime 94
27%
Huracán Herminio Masantonio 267
15%
Deportivo Riestra Jonathan Herrera 125
8%
Newell's Old Boys Victor Ramos 104
8%
Gimnasia (LP) Arturo Náon 95
4%
Unión Fernando Husef Alí 85
4%
Estudiantes (LP) Manuel Pelegrina 235
4%
Gimnasia (Mza) Victor Legrotaglie 103
4%
Racing Club Alberto Ohaco 244
0%
Estudiantes (RC) Ariel Dolso 100
0%
Platense Daniel Vega 86
0%
Banfield Gustavo Albella 136
0%
Argentinos Juniors Héctor Ingunza 142
0%
Sarmiento Jonatan Torres 79
0%
Central Cordoba (SdE) Jorge Saez 52
0%
Defensa y Justicia Juan Carlos Moles 113
0%
Tigre Juan Marvezy 115
0%
Aldosivi Martín Cauteruccio 24
0%
Talleres (Cba) Miguel Romero 163
0%
Instituto Oscar Dertycia 93
0%
Atletico Tucuman Santiago Michal 209
0%
Barracas Central Sebastián Ferraro 46
0%
No se encontraron pruebas coincidentes
Distribución de puntuación
Porcentaje de gente con cada puntuación
Porcentaje por número respondido
Historial de tus puntuaciones
No has intentado esta prueba desde el último reinicio